Una ventana al mundo hispánico : ensayo bibliográfico /

Tallennettuna:
Bibliografiset tiedot
Päätekijä: Mazín Gómez, Oscar (autor)
Muut tekijät: Fernández Delgado, Miguel Angel (autor) (autor)
Aineistotyyppi: Kirja
Kieli:espanja
Julkaistu: México : El Colegio de México, 2013, c2013
Tagit: Lisää tagi
Ei tageja, Lisää ensimmäinen tagi!

MARC

LEADER 00000nam^a2200000^a^4500
001 000450607
005 20250521000000.0
009 20260310123751.436
020 |a 978-607-462-457-1 
037 |a Acervo Xavier Clavigero 
041 |a ESP 
091 |a FCA. 03434 
100 |a Mazín Gómez, Oscar  |e (autor) 
245 1 4 |a Una ventana al mundo hispánico :  |b ensayo bibliográfico / 
264 4 |a México :  |b El Colegio de México,  |c 2013, c2013 
300 |a 413 p. 
336 |a texto  |b txt  |2 rdacontenido 
337 |a sin mediación  |b n  |2 rdamedio 
338 |a volumen  |b nc  |2 rdasoporte 
649 |a XX 
700 |a Fernández Delgado, Miguel Angel  |e (autor) 
910 |a Fondo Xavier Cacho Vázquez S.J. 
920 |a Impresos - Libros 
930 |a Fondos Especiales 
905 |a 131 
901 |a 0500362662  |b IT2  |c ESP  |i D  |u 20250521 
902 |a https://opac.biblio.iteso.mx/vufind/Record/000450607